• 首页
  • 本馆介绍
  • 公告通知
  • 最新文献
  • 馆藏检索
  • 电子资源
  • 读者导购
  • 参考咨询
  • 我的图书馆
  • 登录
  • 详细信息显示
  • 放入我的书架
  • 预约/预借图书
  • 作者相关作品
  • 分类相关作品
  • 丛书相关作品
  • 出版社相关作品

书目信息

  • 表格格式
  • 工作单格式
  • 卡片格式
题名:
边沁与普通法传统
    
 
作者: 波斯特马 著 ;徐同远 译
分册:  
出版信息: 北京   法律出版社  2014
页数: 10,537页
开本: 21cm
丛书名:
单 册:
中图分类: B561.41 , D90
科图分类:
主题词: 法哲学
电子资源:
ISBN: 978-7-5118-4661-7
000 01192nam0 2200313 450
001 519
005 20140904161133.85
010    @a978-7-5118-4661-7@dCNY48.00
100    @a20140226d2014 em y0chiy50 ea
101 1  @achi@ceng
102    @aCN@b110000
105    @ay z 001yy
106    @ar
200 1  @a边沁与普通法传统@ABian Qin Yu Pu Tong Fa Chuan Tong@dBentham and the common law tradition@f(美)杰拉德·波斯特玛(Gerad J. Postema)著@F( Mei ) Jie La De· Bo Si Te Ma (Gerad J. Postema) Zhu@g徐同远译@zeng
210    @a北京@c法律出版社@d2014
215    @a10,537页@d21cm
300    @a边沁法学文库
305    @a牛津大学出版社授权出版
330    @a本书是对边沁和经典普通法理论间的历史论争的哲学解读,该论争对法学思想是极其重要的,它塑造了关于法和裁判的性质、任务和限制的当代观念。
510 1  @aBentham and the common law tradition@zeng
600  0 @a边沁@c(Bentham, Jeremy@f1748-1832)@x法哲学@x研究
600  0 @a边沁@c(Bentham, Jeremy@f1748-1832)
606 0  @a法哲学
690    @aB561.41@v5
690    @aD90@v5
701  0 @c(美)@a波斯特马@ABo Si Te Ma@4著
702  0 @a徐同远@AXu Tong Yuan@4译
801  0 @aCN@bTANGWEI@c20140603
905    @b0838924-26@dB561.41@e45@f3
    
    边沁与普通法传统=Bentham and the common law tradition/(美)杰拉德·波斯特玛(Gerad J. Postema)著/徐同远译.-北京:法律出版社,2014
    10,537页;21cm
    边沁法学文库
    
    ISBN 978-7-5118-4661-7:CNY48.00
    本书是对边沁和经典普通法理论间的历史论争的哲学解读,该论争对法学思想是极其重要的,它塑造了关于法和裁判的性质、任务和限制的当代观念。
●
相关链接 在E读中查询图书 在五车中查询图书 在当当中查询图书 在豆瓣中查询图书


正题名:边沁与普通法传统     索取号:B561.41/45         预约/预借

序号 登录号 条形码 馆藏地/架位号 状态 备注
1 0838924   208389242   第一样本阅览室/ [索取号:B561.41/45] 在馆    
2 0838925   208389251   第一借阅区/ [索取号:B561.41/45] 在馆    
3 0838926   208389260   第一借阅区/ [索取号:B561.41/45] 在馆    
唐山师范学院图书馆 欢迎您!
大连网信软件有限公司© 版权所有